000 00526nam a22001577a 4500
003 OSt
005 20251120153909.0
008 251120b |||||||| |||| 00| 0 eng d
040 _aDWCL-Main lib
_cOC
082 _aFil. 657.45 P557 2005
245 _aPhilippine Standards on auditing and Philippine auditing practice statements, vol. 3/
_cAuditing Standards and Practices Council
260 _aManila :
_bDomDane Publishers,
_cc2005.
490 _3253 p. ;
_v25 cm. Series
650 _aAuditing.
942 _2ddc
_cBK - FIL
_kFil
_n0
999 _c5911
_d5911